Entry Nombre personal
001 - NÚMERO DE CONTROL
- campo de control: 107098
003 - IDENTIFICADOR DE NÚMERO DE CONTROL
- campo de control: OSt
005 - FECHA Y HORA DE LA ÚLTIMA TRANSACCIÓN
- campo de control: 20240124161614.0
008 - ELEMENTOS DE DATO DE LONGITUD-FIJA
- campo de control de longitud fija: 000621 n acnnnaaan n ann d
040 ## - FUENTE DE CATALOGACIÓN
- Centro catalogador/agencia de origen: OSt
- Centro/agencia transcriptor: OSt
100 1# - ENCABEZAMIENTO-NOMBRE DE PERSONA
- Nombre de persona: Solar, Juan José del,
- Fechas asociadas al nombre: 1946-
400 00 - TRAZADO DE VÉASE--NOMBRE DE PERSONA
- Nombre de persona: Solar, Juan del
400 00 - TRAZADO DE VÉASE--NOMBRE DE PERSONA
- Nombre de persona: Solar B., Juan José del
400 00 - TRAZADO DE VÉASE--NOMBRE DE PERSONA
- Nombre de persona: Solar, Juan J. del
400 00 - TRAZADO DE VÉASE--NOMBRE DE PERSONA
- Nombre de persona: Solar B., Juan J. del
954 ## - CATALOGADOR -ALTA REGISTRO
- Nombre del catalogador: Inmaculada Vicente Garcia
